Circular : incidències en la jornada laboral : permisos, llicències i control de presència : de data 19-7-95 incidències en la jornada laboral :

Publicat: Barcelona : Diputació de Barcelona , 1995
Descripció física: 13 p. ; 21 cm
Matèries: Jornada de treball

MARC

LEADER 00000nam a2200000Ia 4500
001 19218
008 160829s1995 xx 000 0 cat d
080 |a FU-3-18 
245 |a Circular :  |b  incidències en la jornada laboral :  |b  permisos, llicències i control de presència :  |b  de data 19-7-95 
260 |a Barcelona:  |b Diputació de Barcelona,  |c 1995 
300 |a 13 p. ;  |c 21 cm 
650 |a Jornada de treball  |9 45320 
901 |a Arxiu 
942 |n 1 
952 |0 0  |1 0  |4 0  |6 FU318  |7 1  |9 52506  |a Arxiu  |b Arxiu  |d 2016-12-01  |l 0  |o FU-3-18  |p 19218  |r 2016-12-01 00:00:00  |w 2016-12-01  |y ARXIU 
999 |c 56354  |d 56354